000 00532nam a22001937a 4500
005 20260305150213.0
008 260305b |||||||| |||| 00| 0 eng d
020 _a978-1-260-01144-5
050 _aQA 184.2 .L57 2018
100 _aLIPSCHUTZ,SEYMOUR ,PHD
245 _aSCHAUM'S OUTLINES LINEAR ALGEBRA
250 _a6TH
260 _aMcGraw-hill
_bMcGraw-hill education
_c2018
300 _avi,425p. ill
500 _aINCLUDES INDEX
650 _aALGEBRA, LINEAR -OUTLINES
700 _aLIPSON.MARC PHD
942 _2lcc
_cBK
999 _c216790
_d216790